Actitudes y valores del futuro personal docente de la escuela secundaria en Venezuela.

Salvato in:
Dettagli Bibliografici
Autore principale: La Belle, Thomas J. (autor)
Natura: Sconosciuto
Lingua:spagnolo
Soggetti:
Accesso online:Ver documento en línea
Tags: Aggiungi Tag
Nessun Tag, puoi essere il primo ad aggiungerne!!

MARC

LEADER 00000c**#a2200000ua#4500
001 000499329
003 DLC
005 20260414000000.0
008 070820c^^^^9999^^^^r1^^^^^^^^0^^^^0spa^d
009 20260414193949.932
022 |a 01851284 
035 |a FCE 000043377 
037 |a Acervo ITESO - Biblioteca 
041 |a spa 
095 |a RLEE  |b 73-4-29 
100 |a La Belle, Thomas J.  |e (autor) 
245 1 0 |a Actitudes y valores del futuro personal docente de la escuela secundaria en Venezuela. 
264 |a México :  |b Centro de Estudios Educativos,  |c 1973. 
336 |a texto  |b txt  |2 rdacontenido 
337 |a sin mediación  |b n  |2 rdamedio 
338 |a volumen  |b nc  |2 rdasoporte 
649 |a XX 
650 |a Docentes 
650 |a Valores 
650 |a Actitud del docente 
650 |a Educación secundaria 
650 |a Venezuela 
740 |g vol. 3, no. 4, 1973, pp. 29-42.  |t Revista Latinoamericana de Estudios Educativos. Artículos, 
856 4 0 |u https://www.cee.edu.mx/rlee/revista/r1971_1980/r_texto/t_1973_4_03.pdf  |y Ver documento en línea 
910 |a Fondo Centro de Estudios Educativos 
920 |a Impresos - Libros 
930 |a Fondos Especiales 
905 |a 133 
902 |a https://opac.biblio.iteso.mx/vufind/Record/000499329